000 00315nam a22001337a 4500
008 190227b xxu||||| |||| 00| 0 eng d
020 _a0824780841
041 _aeng
080 _22nd
_a616.12
100 _a7
101 _aKARD
245 _aSilent Myocardial Ischemia and Infarction
_cCohn,P.F
942 _2udc
_cBK
999 _c54335
_d54335